| 000 | 00897nas a2200253 4500 | ||
|---|---|---|---|
| 001 | BR8001271 | ||
| 003 | BR-BrBNA | ||
| 005 | 20231205084207.0 | ||
| 007 | ta | ||
| 008 | 230509b bl.|||p| |||| 00| 00por d | ||
| 040 |
_aBR-BrBNA _bpor _cBiblioteca Nacional de Agricultura |
||
| 041 | _a(Pt) | ||
| 072 | _aH10 | ||
| 100 | 1 | _aCrocomo, W.B. | |
| 100 | 1 | _aParra, J.R.P. | |
| 245 | 1 | _aDanos causados por Eacles imperialis magnifica Walker, 1856 [Lepidoptera: attacidae)em cafeeiro mundo novo [Coffea arabica; Lagarta] | |
| 246 | 1 | _aDamage caused by Eacles imperialis magnifica (Walker, 1856)(Lepidoptera: attacidae)in coffee plants [Coffea arabica; Caterpillar] | |
| 650 | _aPraga de planta | ||
| 650 | _aCafe | ||
| 650 | _aLagarta | ||
| 773 | 0 |
_tSolo (Brazil) _xISSN 0584-0821 _g(Jul 1979), v. 71(2) p. 41-46 _wBR8001271 |
|
| 909 |
_a202311 _bLúcia _c55 _dLúcia Elande |
||
| 942 |
_2AGRIS _n0 _cANA |
||
| 999 |
_c103699 _d103699 |
||